书目信息 |
| 题名: |
工业安装工程质量检验评定统一标准:GB 50252-94
|
|
| 作者: | 中华人民共和国化学工业部 主编 | |
| 分册: | ||
| 出版信息: | 北京 中国计划出版社 1994.12 |
|
| 页数: | 39页 | |
| 开本: | 32开 | |
| 丛书名: | ||
| 单 册: | ||
| 中图分类: | TU712.3-65 | |
| 科图分类: | ||
| 主题词: | 建筑工程--施工管理 | |
| 电子资源: | ||
| ISBN: | ||
| 000 | 00717nam0 2200193 45 | |
| 001 | 0009191183 | |
| 005 | 20001115110343.4 | |
| 010 | @d3.00元 | |
| 100 | @a20000919d1994 km y0chiy0120 ea | |
| 101 | 0 | @achi |
| 105 | @a z 000yy | |
| 200 | 1 | @a工业安装工程质量检验评定统一标准:GB 50252-94@AGong Ye An Zhuang Gong Cheng Zhi Liang Jian Yan PingDing Tong Yi Biao Zhun:GB 50252-94@f中华人民共和国化学工业 部主编@FZhong Hua Ren Min Gong He Guo Hua Xue Gong Ye Bu ZhuBian |
| 210 | @a北京@c中国计划出版社@d1994.12 | |
| 215 | @a39页@d32开 | |
| 606 | 0 | @a建筑工程@x施工管理 |
| 690 | @aTU712.3-65@v3 | |
| 701 | 0 | @a中华人民共和国化学工业部@4主编 |
| 801 | @aCN@bPftUser@c20000919 | |
| 905 | @dTU712.3-65@eZH:706@b406592-596@f5 | |
| 工业安装工程质量检验评定统一标准:GB 50252-94/中华人民共和国化学工业 部主编.-北京:中国计划出版社,1994.12 |
| 39页;32开 |
| ISBN :3.00元 |
| ● |
| 相关链接 |
|
|
|
正题名:工业安装工程质量检验评定统一标准:GB 5025
索取号:TU712.3-65/ZH:706
 
预约/预借
| 序号 | 登录号 | 条形码 | 馆藏地/架位号 | 状态 | 备注 |
| 1 | 406592 | 204065929 | 自科二线404/201建筑库 25排1列2层/ [索取号:TU712.3-65/ZH:706] | 在馆 | |
| 2 | 406593 | 204065938 | 自科二线404/404自科库 14排4列2层/ [索取号:TU712.3-65/ZH:706] | 在馆 | |
| 3 | 406594 | 204065947 | 自科二线404/201建筑库 25排1列2层/ [索取号:TU712.3-65/ZH:706] | 在馆 | |
| 4 | 406595 | 204065956 | 自科二线404/201建筑库 25排1列2层/ [索取号:TU712.3-65/ZH:706] | 在馆 | |
| 5 | 406596 | 204065965 | 自科二线404/201建筑库 25排1列2层/ [索取号:TU712.3-65/ZH:706] | 在馆 |